000 006160000a22002050004500
003 LK-CoMWRAF
005 20230918110017.0
008 230817t1988 ||||| |||| 00| 0 eng d
020 _a955905273X
040 _aLK-CoMWRAF
_dLK-CoMWRAF
_eLK-CoMWRAF
041 _aeng
082 _a345.5493
_bGOO
100 _aGoonesekere, Savitri W. E.
245 _aWomen, Sexual Violence And The Legal Process In Sri Lanka:
_bA Study on Rape
260 _aColombo:
_bCentre for Women's Research(CENWOR),
_c1998
300 _avi, 289 p. : ill. ; 22 cm.
650 _aRAPE-Sri Lanka
700 _a Guneratne, Camena
942 _cBK
999 _c163
_d163